000 00371 a2200157 4500
001 62086
020 _a9788506061527
040 _cAnchieta - Pituba
100 _aMulder, Michelle
240 1 0 _aMaggie e a guerra do chocolate
_lpor
245 1 0 _aMaggie e a guerra do chocolate
300 _a95
362 0 _a2010
650 4 _aLiteratura juvenil
942 _cBK
999 _c62086
_d62086